00847nam a2200193 a 450000100100000000500170001000800410002704000250006808200150009310000380010824501250014626000450027130000340031650000210035065000220037195201200039395201250051399900150063800000358420250520113530.0090711s1979 dr ac r 000 0 spa d aDO-SdBNPbspacBNPHU a150bV632m1 aVicent Cepeda, Rosa Amelia91104610aManual de psicología :bdesarrollo del programa oficial de psicología del bachillerato /cRosa Amelia Vicent Cepeda. aSanto Domingo :bAmigo del Hogar,c1979. a165 p. :bil, retrs ;c22 cm. aIncluye índice 0aPsicología9152 0010718PDaPDbPDcHDd2009-07-11e002344iLF1l0o150 V632mp3584-10r2020-06-25w2020-06-25yLFPDZNo se presta 0010718PDaPDbPDcHDd2009-07-11e002344iLF1l0o150 V632mp3584-20r2020-06-25te.2w2020-06-25yLFPDZNo se presta c3408d3408